[Event "Isle of Man Open"]
[Site "Douglas"]
[Date "28.10.2018"]
[Round "9.77"]
[White "Harari, Zaki"]
[Black "Mai, Aron Thor"]
[Result "1/2-1/2"]
[WhiteElo "2055"]
[BlackElo "2063"]
[WhiteFideId "2002639"]
[BlackFideId "2313383"]
[EventDate "2018.10.20"]

1. e4 c6 2. d3 d5 3. Qe2 dxe4 4. dxe4 e5 5. g3 Nf6 6. Bg2 Bc5 7. Nf3 Qc7 8. O-O
O-O 9. Nbd2 a5 10. Nb3 Be7 11. a4 Nbd7 12. Re1 b6 13. h3 Ba6 14. Qe3 Rfe8 15.
Bd2 Nc5 16. Nxc5 Bxc5 17. Qb3 Nd7 18. Rad1 Bd6 19. Qe3 Bc5 20. Qb3 Bd6 21. Qe3
Bc5 1/2-1/2

[Event "Isle of Man Open"]
[Site "Douglas"]
[Date "28.10.2018"]
[Round "9.78"]
[White "Schroer, Marcel"]
[Black "Sipos, Silvester"]
[Result "1-0"]
[WhiteElo "2064"]
[BlackElo "2050"]
[WhiteFideId "1012908"]
[BlackFideId "444260"]
[EventDate "2018.10.20"]

1. c4 b6 2. Nc3 Bb7 3. e4 g6 4. g3 f5 5. d3 Bg7 6. Nge2 Nf6 7. Bg2 fxe4 8. dxe4
e5 9. O-O O-O 10. Nd5 Nxd5 11. exd5 d6 12. Nc3 Nd7 13. Be3 Bc8 14. Qd2 a6 15.
Rac1 Nf6 16. h3 Bd7 17. b4 a5 18. a3 Qc8 19. Kh2 axb4 20. axb4 Ra3 21. c5 bxc5
22. bxc5 Qa6 23. c6 Bc8 24. Rfd1 Qa5 25. Nb1 Qxd2 26. Nxd2 Bf5 27. g4 Bxg4 28.
hxg4 Rxe3 29. fxe3 Nxg4+ 30. Kh3 Nxe3 31. Re1 Bh6 32. Re2 Bf4 33. Be4 g5 34. Rc3
Nd1 35. Rd3 Bxd2 36. Rdxd2 Nc3 37. Re3 Nb5 38. Rf3 Ra8 39. Rb3 Ra5 40. Rdb2 Nd4
41. Rb7 h5 42. Rxc7 Ra3+ 43. Kg2 h4 44. Rb8# 1-0

[Event "Isle of Man - Tie Break"]
[Site "Douglas"]
[Date "28.10.2018"]
[Round "TB1"]
[White "Wojtaszek, Radoslaw"]
[Black "Naiditsch, Arkadij"]
[Result "1-0"]
[WhiteTitle "GM"]
[BlackTitle "GM"]
[WhiteElo "2727"]
[BlackElo "2721"]
[WhiteFideId "1118358"]
[BlackFideId "4650891"]
[EventDate "2018.10.28"]

1. d4 Nf6 2. c4 g6 3. Nf3 Bg7 4. g3 O-O 5. Bg2 d6 6. Nc3 Nbd7 7. O-O e5 8. e4
Re8 9. Be3 a5 10. dxe5 dxe5 11. Qc2 c6 12. c5 Ng4 13. Bg5 f6 14. Bd2 Nxc5 15.
Rad1 Qe7 16. h3 Nh6 17. Be3 Bf8 18. Na4 Nxa4 19. Qxa4 Qb4 20. Qc2 Be6 21. a3 Qc4
22. Qb1 Nf7 23. Nd2 Qa6 24. Rfe1 a4 25. Bf1 b5 26. Qc2 c5 27. Rc1 c4 28. Nb1 Qc8
29. Nc3 Rb8 30. Rcd1 Bxh3 31. Nd5 Kg7 32. Qe2 Bxf1 33. Rxf1 Bc5 34. Kg2 Bxe3 35.
Qxe3 h5 36. f4 Qg4 37. fxe5 Rxe5 38. Nxf6 Qe6 39. Nd7 Rxe4 40. Qc3+ Kh6 41. Nxb8
Re2+ 42. Rf2 Qe4+ 43. Kg1 Re3 44. Qd2 Ng5 45. Qd6 Nh3+ 46. Kh2 Nxf2 47. Qf8+ Kg5
48. Qd8+ Kg4 49. Rd4 Kf3 50. Rxe4 Rxe4 51. Qf6+ Ke2 52. Kg2 Nd3 53. Qf3+ 1-0

[Event "Isle of Man - Tie Break"]
[Site "Douglas"]
[Date "28.10.2018"]
[Round "TB2"]
[White "Naiditsch, Arkadij"]
[Black "Wojtaszek, Radoslaw"]
[Result "1-0"]
[WhiteTitle "GM"]
[BlackTitle "GM"]
[WhiteElo "2721"]
[BlackElo "2727"]
[WhiteFideId "4650891"]
[BlackFideId "1118358"]
[EventDate "2018.10.28"]

1. e4 c5 2. Nf3 d6 3. Bb5+ Nd7 4. O-O a6 5. Bxd7+ Bxd7 6. d4 cxd4 7. Qxd4 Qc7 8.
Nc3 e6 9. Bf4 Bc6 10. Rad1 Rd8 11. Nd5 exd5 12. exd5 Bb5 13. Rfe1+ Ne7 14. Ng5
h6 15. Ne4 f5 16. Nxd6+ Rxd6 17. Bxd6 Qxd6 18. c4 Bd7 19. c5 Qf6 20. Qb4 Kf7 21.
Qxb7 Bc8 22. Qc7 Qxb2 23. d6 Qb7 24. Qxb7 Bxb7 25. d7 Nc6 26. Re8 Rg8 27. Rb1
Bxc5 28. Rxb7 Nd8 29. Rxg8 Kxg8 30. Rb8 Be7 31. Ra8 Kf7 32. Rxa6 Bf6 33. a4 Ke7
34. Ra7 Bd4 35. Ra5 Bb6 36. Rxf5 Kxd7 37. a5 Ba7 38. h4 Ke6 39. Rf3 Nc6 40. a6
g6 41. Rb3 Bd4 42. Rb7 h5 43. g3 Kd6 44. Kg2 Ke6 45. Rc7 Kd6 46. Rc8 Kd7 47. Rg8
Ne7 48. Rg7 Ke6 49. Rh7 Bc5 50. Kf3 Bd4 51. Ke4 Bxf2 52. Kd3 Nf5 53. Ke2 Bg1 54.
Kf1 Bc5 55. Kg2 Ne7 56. Kf3 Kf6 57. Rh8 Ba7 58. Rd8 Ke6 59. Rd1 Nc6 60. Kf4 Nb4
61. Kg5 Nxa6 62. Ra1 Be3+ 63. Kxg6 Nc7 64. Re1 Nd5 65. Kxh5 Kf6 66. Rf1+ Kg7 67.
Kg4 Nf6+ 68. Kf5 Nh5 69. Rf3 Bc5 70. Ke6 Bb4 71. g4 Kg6 72. gxh5+ Kxh5 73. Rf5+
Kg4 74. Rb5 Bd2 75. h5 Bg5 76. Rb1 Kxh5 77. Kf5 1-0

[Event "Isle of Man - Tie Break"]
[Site "Douglas"]
[Date "28.10.2018"]
[Round "TB3"]
[White "Wojtaszek, Radoslaw"]
[Black "Naiditsch, Arkadij"]
[Result "1-0"]
[WhiteTitle "GM"]
[BlackTitle "GM"]
[WhiteElo "2727"]
[BlackElo "2721"]
[WhiteFideId "1118358"]
[BlackFideId "4650891"]
[EventDate "2018.10.28"]

1. d4 Nf6 2. c4 g6 3. Nf3 Bg7 4. g3 O-O 5. Bg2 d6 6. O-O Nbd7 7. Nc3 e5 8. e4
Re8 9. Be3 c6 10. h3 a5 11. d5 Nc5 12. Nd2 cxd5 13. cxd5 b6 14. a4 Ba6 15. Nb5
Qd7 16. Nc4 Bxb5 17. axb5 Rab8 18. Bxc5 dxc5 19. Qa4 h5 20. h4 Bh6 21. Rad1 g5
22. hxg5 Bxg5 23. Qb3 Kg7 24. f4 exf4 25. gxf4 Bh6 26. e5 Ng4 27. Qh3 Rh8 28. f5
Kf8 29. e6 Qd8 30. f6 Nxf6 31. d6 fxe6 32. Ne5 Kg7 33. Qg3+ Ng4 34. Nxg4 hxg4
35. Qe5+ Kg8 36. Qxe6+ Kh7 37. Be4+ 1-0